NFL Dream Team OF 2017 - Statistics

General Stats
  • This quiz has been taken 95 times
  • The average score is 25 of 36
Answer Stats
Team Pos. Player % Correct
NE QB Tom Brady
100%
NO QB Drew Brees
98%
PHI QB Carson Wentz
95%
PIT WR Antonio Brown
92%
ATL WR Julio Jones
92%
NE TE Rob Gronkowski
92%
KC TE Travis Kelce
90%
HOU WR DeAndre Hopkins
87%
PIT RB Le'Veon Bell
87%
LAR RB Todd Gurley
84%
MIN WR Adam Thielen
83%
CIN WR A.J. Green
83%
PHI C Jason Kelce
82%
PHI TE Zach Ertz
82%
LAR DT Aaron Donald
81%
SEA MLB Bobby Wagner
77%
JAX CB Jalen Ramsey
75%
CAR MLB Luke Kuechly
73%
DAL OG Zack Martin
72%
ARI CB Patrick Peterson
71%
PIT DT Cameron Heyward
67%
ARI OLB Chandler Jones
67%
KC RB Kareem Hunt
67%
MIN SS Harrison Smith
64%
PHI OT Lane Johnson
63%
DAL OT Tyron Smith
63%
LV OLB Khalil Mack
58%
TEN FS Kevin Byard
53%
MIN CB Xavier Rhodes
48%
JAX DE Calais Campbell
47%
LAR P Johnny Hekker
42%
JAX CB A.J. Bouye
37%
MIN DE Everson Griffen
35%
PIT OG David DeCastro
34%
LAR K Greg Zuerlein
29%
LAR KR Pharoh Cooper
11%
No matching quizzes found
Score Distribution
Percent of People with Each Score
Percentile by Number Answered
Your Score History
You have not taken this quiz